| 000 | 00429nam a2200145 a 4500 | ||
|---|---|---|---|
| 001 | 000015962 | ||
| 005 | 20200929164221.0 | ||
| 008 | 100222s1998 dr a r 000 0 spa d | ||
| 040 |
_aDO-SdBNP _bspa _cBNPHU |
||
| 082 |
_axxxx _bD441v |
||
| 245 | 0 | 0 |
_aDesarrollo de valores : _btemas de moral, cĂvica y urbanidad. |
| 260 |
_aSanto Domingo : _bCENAPEC, _c1998. |
||
| 300 |
_a125 p. : _bil. ; _c22 cm. |
||
| 590 | _aInventariado, 2019/BT | ||
| 999 |
_c15504 _d15504 |
||